Statistics for Department stores of Canada

Click here to take the quiz!

General Stats

  • This quiz has been taken 20 times
    (6 since last reset)
  • The average score is 4 of 13

Answer Stats

Number of StoresTypeAnswer% Correct
402DiscountWalmart Canada
100%
503MiddleCanadian Tire
80%
86LuxuryHudson's Bay
60%
100Off-PriceMarshalls
40%
279Off-PriceWinners
40%
7LuxuryHolt Renfrew
20%
15MiddleLa Maison Simons
20%
3LuxurySaks Fifth Avenue
20%
63DiscountFields
0%
260DiscountGiant Tiger
0%
60MiddleHart Stores
0%
1LuxuryHolt Renfrew Ogilvy
0%
16Off-PriceSaks Off 5th
0%

Score Distribution

Percentile by Number Answered

Percent of People with Each Score

Your Score History

You have not taken this quiz since the last reset